000 00492nam a22001817a 4500
003 CEME
005 20210628202522.0
008 210122b xxu||||| |||| 00| 0 eng d
020 _a81-7319-497-1
040 _c.
082 _a621.3822 NAI
100 _aNaidu, Prabhakar .S
_960290
245 _aModern digital signal processing an introduction
260 _aNEW DELHI
_bNAROSA PUBLISHING
_c2003
300 _aXV, 406 P
650 _aDIGITAL SIGNAL PROCESSING.
_960291
942 _cBK
_2ddc
999 _c570055
_d570055